| 000 | 01534nam a2200421Ii 4500 | ||
|---|---|---|---|
| 001 | DIGHERDER0037 | ||
| 003 | NyNyDIG | ||
| 007 | cr ||||||||||| | ||
| 008 | 220409s2014 sp o 000 0 spa d | ||
| 006 | m o d | ||
| 035 | _a(OCoLC)1321071514 | ||
| 040 |
_aDGITA _beng _erda _epn _cDGITA |
||
| 020 |
_a9788425433771 _qeBook _qePub |
||
| 020 | _z9788425426070 | ||
| 050 | 1 | 4 | _aB2948 ebook |
| 100 | 1 |
_aFink, Eugen, _eauthor. |
|
| 245 | 1 | 0 |
_aHegel : _binterpretaciones fenomenológicas de la Fenomenología del espíritu / _cEugen Fink ; traducción de Iván Ortega Rodríguez. |
| 250 | _a1a. edición digital. | ||
| 264 | 1 |
_aBarcelona : _bHerder, _c2014. |
|
| 300 | _a1 online resource. | ||
| 336 |
_atext _btxt _2rdacontent |
||
| 337 |
_acomputer _bc _2rdamedia |
||
| 338 |
_aonline resource _bcr _2rdacarrier |
||
| 347 |
_atext file _2rdaft |
||
| 347 | _bEPUB | ||
| 588 | 0 | _aOnline resource; title from ePub title page (Digitalia, viewed April 09, 2022) | |
| 600 | 1 | 0 |
_aHegel, Georg Wilhelm Friedrich, _d1770-1831. |
| 650 | 0 | _aPhilosophy, German. | |
| 650 | 0 | _aPhenomenology. | |
| 655 | 0 | _aElectronic books. | |
| 700 | 1 |
_aOrtega Rodríguez, Iván, _etranslator. |
|
| 791 | 2 |
_aDigitalia (Firm), _edistributor. |
|
| 793 | 0 |
_gDigitalia eBook Collection: _aHerder Editorial |
|
| 776 | 0 | 8 |
_iPrint version: _aFink, Eugen. _tHegel. _dBarcelona : Herder, 2014 _z9788425426070 |
| 856 | 4 | 0 |
_3Digitalia Hispánica _uhttps://www.digitaliapublishing.com/a/60868/ |
| 910 | _aPremium collection: 2022 | ||
| 942 | _cRAA | ||
| 999 |
_c257243 _d257243 |
||